| 000 | 00522nam a2200169Ia 4500 | ||
|---|---|---|---|
| 003 | IN-BaIIA | ||
| 008 | 211028s9999 xx 000 0 eng d | ||
| 040 | _cIIA Library | ||
| 080 |
_a52(083) _bBES |
||
| 100 |
_aBessel, Frederic Wilhelmo _9923 |
||
| 245 | 0 |
_aTabulae regiomontahae reductionum _cFrederic Wilhelmo Bessel |
|
| 260 |
_aParis _bRegiomonti Prussorum Sumtibus Fratrum Borntraegfr _c1830 |
||
| 300 | _aLxiii,542p | ||
| 650 | _aNASA Thesaurus | ||
| 650 |
_aTables _9924 |
||
| 942 | _cBK | ||
| 999 |
_c406 _d406 |
||